The light of the world and other sermons. (Record no. 13696)

000 -LEADER
fixed length control field 00564nam a2200181 a 4500
001 - CONTROL NUMBER
control field :::00011519$&:&@@
003 - CONTROL NUMBER IDENTIFIER
control field OkBaRHE
005 - DATE AND TIME OF LATEST TRANSACTION
control field 20000607103409.0
008 - FIXED-LENGTH DATA ELEMENTS--GENERAL INFORMATION
fixed length control field s1890 j 000 0 eng u
040 ## - CATALOGING SOURCE
Transcribing agency
100 1# - MAIN ENTRY--PERSONAL NAME
Personal name Brooks, Phillips, 1835-1893.
245 14 - TITLE STATEMENT
Title The light of the world and other sermons.
260 ## - PUBLICATION, DISTRIBUTION, ETC. (IMPRINT)
Place of publication, distribution, etc New York, NY., :
Name of publisher, distributor, etc E. P. Dutton and Co.
Date of publication, distribution, etc c1890
300 ## - PHYSICAL DESCRIPTION
Extent 373 p. ;
Dimensions 20 cm.
650 ## - SUBJECT ADDED ENTRY--TOPICAL TERM
Topical term or geographic name as entry element Sermons, American
942 ## - ADDED ENTRY ELEMENTS (KOHA)
Source of classification or shelving scheme
Koha item type Books
Copies
Date last seen Full call number Barcode Koha item type Shelving location Date acquired Source of classification or shelving scheme Copy number Withdrawn status Permanent Location Price effective from Damaged status Not for loan Lost status
2010-04-14BX 5937 .B711519BooksGeneral Stacks2010-04-14 1 RHEMA Bible Training College2010-04-14